[Event "GCT Croatia Blitz 2021"]
[Site "Zagreb"]
[Date "2021.07.11"]
[Round "13"]
[White "Grischuk, Alexander"]
[Black "Mamedyarov, Shakhriyar"]
[Result "0-1"]
[WhiteElo "2778"]
[BlackElo "2782"]
[Annotator "TA"]
[PlyCount "72"]
[EventDate "2021.07.10"]
[EventType "tourn"]
[EventCountry "CRO"]
[SourceTitle "playchess.com"]
[Source "ChessBase"]
[SourceQuality "1"]

{[%evp 9,72,27,25,-19,-11,-12,-7,-12,-11,-16,0,-11,-4,-21,5,-41,-22,-65,-14,
-35,0,0,49,51,104,36,9,-14,-12,-37,-22,-177,-163,-158,-81,-87,-82,-209,-199,
-251,-255,-263,-238,-250,-255,-409,-387,-464,-338,-725,-709,-771,-737,-1252,
-1216,-1813,-1759,-3266,-2773,-29978,-11794,-29979,-29980,-29988,-29989]} 1.
Nf3 Nf6 2. c4 e6 3. g3 d5 4. Bg2 d4 5. d3 c5 6. e4 {A13: English Opening: 1...
e6.} Nc6 7. e5 Nd7 8. Qe2 {The position is equal.} Be7 9. h4 b6 $5 {[%mdl 4] A
promising side line.} 10. Bf4 Bb7 {[#]} 11. Kf1 $146 ({Predecessor:} 11. Nbd2
Nf8 12. h5 g5 13. hxg6 Nxg6 14. Rh5 Qc7 15. O-O-O O-O-O 16. Ne4 Nxf4 17. gxf4 {
1-0 (35) Yu,Y (2709)-Wen,Y (2594) Xinghua 2020}) 11... Qc7 12. Na3 a6 13. Nc2
O-O-O (13... O-O $15) 14. a3 Kb8 15. Kg1 a5 16. b4 cxb4 (16... h6 $14) 17. axb4
({Better is} 17. Nfxd4 $16 Nxd4 18. Nxd4) 17... Bxb4 $14 18. Bg5 (18. Nfxd4
Nxd4 19. Nxd4 Bxg2 $15) 18... f6 (18... Ndxe5 $6 19. Nxe5 Nxe5 20. Bxb7 $18)
19. exf6 gxf6 20. Bd2 (20. Nxb4 $11 {and White is okay.} axb4 21. Bd2) 20...
Bxd2 $1 $19 21. Nxd2 e5 (21... f5 $142 22. Nb3 (22. Qxe6 $2 Nc5 $19) 22... Rhe8
23. Ncxd4 (23. Nbxd4 Nxd4 24. Nxd4 Bxg2 $17) 23... Nxd4 24. Nxd4 Bxg2 25. Kxg2
Nc5) 22. Na3 $17 {and if Nb5 works, White does fine.} Nc5 $1 23. Nb5 {[#]} (23.
Ne4 $17 {was worth a try.}) 23... Qe7 $1 $19 24. Ne4 {[#]} (24. Kh2 $142) 24...
f5 $1 {[%cal Rf5e4]} 25. Nxc5 Qxc5 ({Weaker is} 25... bxc5 26. Bxc6 Bxc6 27.
Rxa5 $14) 26. Kh2 e4 27. dxe4 $2 (27. Rhb1 {was necessary.}) 27... d3 28. Qd2
Ne5 29. Rhe1 $2 (29. exf5 Ng4+ 30. Kg1 Qxf5 31. Bxb7 Kxb7 32. Kg2) 29... fxe4
30. Nc3 Rhf8 31. Kg1 Nxc4 32. Qa2 e3 {[%cal Re3f2]} 33. fxe3 d2 34. Re2 Bxg2
35. Kxg2 Nxe3+ {[%mdl 64] Discovered Attack} 36. Rxe3 Qxe3 {Weighted Error
Value: White=1.18/Black=0.15} 0-1

[Event "GCT Croatia Blitz 2021"]
[Site "Zagreb"]
[Date "2021.07.11"]
[Round "13"]
[White "Duda, Jan-Krzysztof"]
[Black "Korobov, Anton"]
[Result "1-0"]
[WhiteElo "2738"]
[BlackElo "2683"]
[Annotator "TA"]
[PlyCount "90"]
[EventDate "2021.07.10"]
[EventType "tourn"]
[EventCountry "CRO"]
[SourceTitle "playchess.com"]
[Source "ChessBase"]
[SourceQuality "1"]

{[%evp 17,90,20,21,1,7,5,97,8,12,0,38,46,31,42,36,18,48,51,52,6,12,12,12,4,21,
11,28,0,0,0,4,0,0,-35,50,73,66,34,92,92,91,64,59,61,68,56,57,47,47,48,55,34,70,
85,143,133,132,129,145,121,121,76,90,0,130,111,116,130,167,106,29966,29967,
5381,5308,29995]} 1. e4 e6 2. d4 d5 3. Nc3 Nf6 4. Bg5 Be7 5. e5 Nfd7 6. Bxe7
Qxe7 7. f4 a6 8. Nf3 c5 9. Qd2 Nc6 10. Bd3 {C14: French: Classical System: 4
Bg5 Be7 main line.} O-O 11. O-O b5 {[#]} (11... cxd4 $11 12. Ne2 f6) 12. dxc5 (
12. f5 $1 $16 {[%cal Rf5f6]}) 12... Nxc5 $11 13. Qe3 {[#] Hoping for Bxh7+!} d4
$146 ({Predecessor:} 13... Nxd3 14. cxd3 Rd8 15. Nd4 Qa7 16. Nce2 Bd7 17. Rfc1
Rdc8 18. Kf2 Na5 19. b4 Nb7 20. Nb3 Qxe3+ 21. Kxe3 {1-0 (42) Stukan,M (2306)
-Falkevall,A (2046) Bratislava 2019}) 14. Nxd4 Nxd4 15. Qxd4 Rd8 16. Qe3 Nxd3
17. cxd3 Bb7 18. Ne4 Bxe4 19. dxe4 Qb4 20. Rf2 Rac8 21. Re1 Qd4 22. g4 h6 23.
Kg2 Qc4 24. f5 Rd3 25. Qf4 Qd4 ({Better is} 25... Qxa2 $15 26. Rc1 Rxc1 27.
Qxc1 Kh7) 26. fxe6 $14 fxe6 27. Qf7+ Kh8 (27... Kh7 $1 $14) 28. Qxe6 $16 {
[%mdl 64] [#] Double Attack} Rd8 29. Qf5 ({Wrong is} 29. Qxa6 $2 Rd2 $19) 29...
Re8 30. e6 {And now e7! would win.} Qd6 31. Ree2 (31. b3 {is more complex.}
Qxe6 32. Qxe6 Rxe6 33. h4 Kg8 34. h5) 31... Rxe6 32. Qf8+ Qxf8 33. Rxf8+ $14 {
[%mdl 4096] Endgame KRR-KRR} Kh7 34. h4 Kg6 35. Rf5 Rd4 (35... Rf6 $142) 36.
Kf3 $16 Rd3+ 37. Kf4 Rd1 38. h5+ Kh7 39. Kf3 Rd3+ 40. Kf4 Rd1 $1 41. Ke3 Kg8
42. e5 b4 43. Rc2 (43. g5 $18) 43... a5 $2 {[%mdl 8192]} (43... Re1+ $16 44.
Re2 Ra1) 44. Rc8+ Kh7 45. Rff8 {[%csl Gc8][%cal Rf8h8]} Re1+ {Weighted Error
Value: White=0.19/Black=0.40} 1-0

[Event "GCT Croatia Blitz 2021"]
[Site "Zagreb"]
[Date "2021.07.11"]
[Round "13"]
[White "Van Foreest, Jorden"]
[Black "Giri, Anish"]
[Result "1/2-1/2"]
[WhiteElo "2688"]
[BlackElo "2776"]
[Annotator "TA"]
[PlyCount "112"]
[EventDate "2021.07.10"]
[EventType "tourn"]
[EventCountry "CRO"]
[SourceTitle "playchess.com"]
[Source "ChessBase"]
[SourceQuality "1"]

{[%evp 9,112,0,0,-4,0,-16,9,0,16,16,17,0,16,0,0,-18,0,-38,0,0,28,29,31,22,27,
32,47,22,62,46,54,31,25,16,32,35,75,4,6,0,3,0,5,7,5,5,14,14,16,15,74,8,8,8,8,8,
10,4,7,4,12,0,0,0,0,0,0,0,0,0,0,0,0,0,0,0,15,22,29,29,29,29,30,30,30,30,30,0,0,
0,0,-3,-3,-3,-3,-3,-3,-3,-3,-3,0,0,0,0,0]} 1. b3 d5 2. Bb2 Bf5 3. Nf3 e6 4. e3
h6 5. Be2 Nf6 6. d3 {[#] A06: Réti Opening: 1 Nf3 d5.} a5 $146 ({Predecessor:} 
6... Be7 7. Nbd2 a5 8. a3 c5 9. Ne5 Bh7 10. g4 d4 11. exd4 cxd4 12. Bf3 Nd5 13.
Bxd4 O-O {0-1 (40) Petrosian,T (2601)-Harutyunian,T (2549) Yerevan 2021}) 7. a3
Bh7 8. h3 a4 9. b4 c5 10. bxc5 Bxc5 11. O-O O-O 12. c4 dxc4 13. d4 Bd6 (13...
Qb6 $5 {[%cal Rb6b2]} 14. Nbd2 Qxb2 15. Nxc4 Qb5 16. dxc5 Qxc5 $15) 14. Bxc4
Ne4 15. d5 exd5 16. Bxd5 Nc6 17. Nc3 Nf6 18. Ba2 Ne5 19. Nxe5 Bxe5 20. Nxa4 Qe7
21. Bxe5 Qxe5 22. Nb6 Ra6 {[#]} 23. Nd7 (23. Nc4 $1 $16 {[%cal Rc4e5]} Qc7 24.
Qd4) 23... Nxd7 $11 24. Qxd7 Be4 {Strongly threatening ...Rg6.} 25. f3 Bf5 26.
Qd4 Qxd4 27. exd4 Rfa8 28. Bb1 Bxb1 29. Rfxb1 {[%mdl 4096] Endgame KRR-KRR} Ra4
(29... Rxa3 $11 {keeps the balance.} 30. Rxa3 Rxa3) 30. d5 ({Better is} 30.
Rxb7 $16 Rxa3 31. Rxa3 Rxa3 32. d5) 30... Rxa3 31. Rxa3 Rxa3 32. Rxb7 {KR-KR}
Rd3 33. Rb8+ Kh7 34. Rd8 Rd2 35. Kh2 Kg6 36. h4 h5 37. Kh3 Kf6 38. Rd7 Rd3 39.
Kh2 g6 40. Kh3 Rd4 41. g4 hxg4+ 42. fxg4 Rd3+ 43. Kg2 Ke5 44. Rxf7 Rxd5 45. Kg3
Ke6 46. Rf3 Ke7 47. g5 Rd6 48. h5 {[#] h6 is the strong threat.} Rd5 $1 {
The position is equal.} 49. Kg4 Rd4+ 50. Kh3 gxh5 51. g6 Rg4 52. Rf5 Rxg6 53.
Rxh5 Kf6 54. Rh4 Kg5 55. Rg4+ Kf5 56. Rxg6 Kxg6 {Weighted Error Value: White=0.
11/Black=0.08} 1/2-1/2

[Event "GCT Croatia Blitz 2021"]
[Site "Zagreb"]
[Date "2021.07.11"]
[Round "14"]
[White "Mamedyarov, Shakhriyar"]
[Black "Duda, Jan-Krzysztof"]
[Result "1-0"]
[WhiteElo "2782"]
[BlackElo "2738"]
[Annotator "TA"]
[PlyCount "170"]
[EventDate "2021.07.10"]
[EventType "tourn"]
[EventCountry "CRO"]
[SourceTitle "playchess.com"]
[Source "ChessBase"]
[SourceQuality "1"]

{[%evp 12,170,20,9,13,0,9,16,18,12,4,10,23,0,6,8,12,5,5,0,0,-45,-52,-59,0,0,0,
-106,12,6,8,-62,-53,-60,-56,-51,-59,-112,-108,-129,-130,-126,-126,-128,-125,
-144,-132,-158,-148,-175,-172,-163,-147,-190,-168,-217,-189,-233,-189,-254,
-184,-413,-413,-406,-377,-341,-132,-118,-81,-105,-83,-83,-77,-89,-30,-33,0,-56,
-38,-179,-46,-80,0,0,0,0,0,0,18,18,18,18,20,8,13,0,0,0,12,12,77,77,77,77,80,80,
76,75,527,527,487,230,5289,5289,5296,5296,5296,5282,5296,5296,5296,5296,5289,
5289,5289,5289,5289,5281,5281,5281,5281,5274,5274,5274,5274,5274,5267,5267,
5267,5267,5267,5260,5267,5260,5260,5260,5252,5252,5252,5247,5212,5205,5252,
5231,5191,5158,5151,5114,5011,4952,541]} 1. d4 d5 2. c4 e6 3. Nc3 c6 4. e3 Nf6
5. Nf3 Nbd7 6. Qc2 b6 7. b3 Bb7 {D45: Semi-Slav: 5 e3.} 8. Be2 Rc8 9. O-O Bd6 {
The position is equal.} 10. e4 {[#]} Nxe4 $146 ({Predecessor:} 10... dxe4 11.
Nxe4 Be7 12. Bf4 Nxe4 13. Qxe4 Nf6 14. Qc2 O-O 15. Rad1 h6 16. Ne5 Bd6 {
1-0 (43) Rychagov,A (2560)-Alibinisis,N (1883) Rethymno 2011}) 11. Nxe4 dxe4
12. Qxe4 Nf6 13. Qh4 c5 14. Rd1 cxd4 15. Nxd4 Ne4 $1 16. Qg4 {aiming for Nxe6!}
Qf6 17. Be3 Nc3 (17... h5 $15 18. Qf3 Qh4) 18. Nb5 $11 Nxb5 $40 {[%mdl 128]
White needs to defend precisely.} 19. c5 {[#]} (19. cxb5 $11 O-O 20. Bd4) 19...
Bxc5 (19... Bxh2+ $1 $17 20. Kxh2 Nc3) 20. Bxb5+ Kf8 21. Rac1 ({White should
play} 21. Qg3 $11 Bxe3 22. fxe3) 21... Bxe3 $1 $15 {[%mdl 64] Discovered Attack
} 22. fxe3 g6 23. Rxc8+ Bxc8 24. Rf1 (24. Rc1 $15 Kg7 25. Rc7) 24... Qe7 $17
25. Qf4 {And now Qe5 would win.} Kg7 $1 26. Qe5+ f6 27. Qc3 Bb7 28. Bc4 Rd8 29.
a4 e5 30. Qc2 Qc5 31. Qf2 Rd6 32. h4 h5 33. Kh2 Be4 34. Rc1 a5 35. Qe1 (35. Qe2
$142) 35... Qb4 36. Qg3 $2 (36. Qxb4 axb4 37. Bf1) 36... Rd2 $19 37. Rg1 Qc3
38. Qh3 Bf5 (38... Qc2 $19 {has better winning chances. Threatens to win with .
..Bc6.} 39. Kh1 Bf5) 39. Qf3 $17 {Black must now prevent Qa8.} e4 (39... Qb4 {
looks sharper.} 40. Qa8 Qf8 41. Qb7+ Rd7 42. Qxb6 Qa8) 40. Qf4 Qe5 (40... Qb4 {
is interesting.} 41. Qb8 Qd6+ 42. Qxd6 Rxd6 43. Rb1 Kh6) 41. Qxe5 fxe5 {
[%mdl 4096] Endgame KRB-KRB} 42. Kg3 Bg4 (42... Kf6 $17 43. Rc1 Ke7) 43. Rf1
$11 Bf5 44. Rf2 ({White should try} 44. Rg1 $1 $11) 44... Rd1 45. Rf1 ({
Better is} 45. Rb2 $15) 45... Rd6 (45... Rxf1 $19 46. Bxf1 Be6) 46. Rc1 Rd2 (
46... Kf6 $17 47. Rb1 Rc6) 47. Bb5 Be6 48. Rc7+ Kh6 49. Rc6 Bxb3 50. Rxb6 Bf7
51. Ra6 Ra2 52. Rxa5 Ra3 $1 53. Kf2 Ra2+ 54. Kg3 Ra3 $1 55. Ra7 Be6 (55... Bb3
$11 {remains equal.}) 56. Re7 $16 Bf5 {[#]} 57. Kf2 $1 Ra2+ {[#]} 58. Ke1 $1
Rxg2 59. a5 {[%cal Ba4a5,Ba5a6][%mdl 32] a6 is the strong threat.} ({Much
worse is} 59. Rxe5 Rg4 $11) 59... Ra2 $2 {[%mdl 8192]} (59... Rb2 $16 {is a
better chance.} 60. Rxe5 Ra2) 60. a6 $18 g5 61. Rxe5 (61. hxg5+ $142 Kxg5 62.
Bc4 Ra1+ 63. Kf2) 61... gxh4 $2 (61... Kg6) 62. Rxf5 {KRB-KR. White is clearly
winning.} h3 63. Be8 h2 64. Rxh5+ Kg7 65. a7 {[%mdl 64] Deflection} Rxa7 66.
Rxh2 Kf6 67. Bh5 Ke5 68. Kf2 Rg7 69. Be2 Rf7+ 70. Ke1 Ra7 71. Rh5+ Kf6 72. Rh4
Ke5 73. Rh6 Ra3 74. Kf2 Ra2 75. Rh1 Rb2 76. Ra1 Rc2 77. Ke1 Rb2 78. Ra5+ Kf6
79. Bd1 Rh2 80. Rc5 Ke6 81. Bc2 Rh4 82. Kd2 Kd6 83. Rc4 Kd5 84. Ra4 Ke5 85. Kc3
Kd5 {What a bad dream for Black.  Weighted Error Value: White=0.26/Black=0.35}
1-0

[Event "GCT Croatia Blitz 2021"]
[Site "Zagreb"]
[Date "2021.07.11"]
[Round "14"]
[White "Giri, Anish"]
[Black "Grischuk, Alexander"]
[Result "1/2-1/2"]
[WhiteElo "2776"]
[BlackElo "2778"]
[Annotator "TA"]
[PlyCount "67"]
[EventDate "2021.07.10"]
[EventType "tourn"]
[EventCountry "CRO"]
[SourceTitle "playchess.com"]
[Source "ChessBase"]
[SourceQuality "1"]

{[%evp 21,67,11,11,11,11,8,13,19,10,6,8,6,18,21,20,8,8,9,33,37,17,8,8,8,8,8,8,
8,8,8,8,8,10,0,0,-26,0,0,0,0,0,0,0,0,0,0,0,0]} 1. d4 Nf6 2. c4 e6 3. Nf3 d5 4.
g3 Be7 5. Bg2 O-O 6. O-O dxc4 7. Qc2 a6 8. a4 Bd7 9. Qxc4 Bc6 10. Bg5 Nbd7 {
is cutting edge theory.} 11. Nc3 h6 12. Bxf6 {E05: Open Catalan: 5 Nf3 Be7.}
Nxf6 13. Rfd1 Qd6 14. e3 Rfd8 15. a5 {[#]} Rac8 $146 ({Predecessor:} 15... Rab8
16. Qe2 Bxf3 17. Bxf3 c6 18. Qc4 g6 19. Na4 e5 20. Nc5 exd4 21. exd4 h5 {
1/2-1/2 (50) Ellis,L (2356)-Eelvelt,H (2276) ICCF email 2018}) 16. Qe2 Bxf3 17.
Bxf3 c6 18. Ra4 g6 19. Rc4 Qc7 20. b4 Nd5 21. Qb2 Nxc3 22. Qxc3 Bf6 23. Qc2 Qd7
24. Kg2 Kg7 25. h4 h5 26. Qb3 Qe8 27. Rcc1 Rd6 28. Rd3 Rcd8 29. Be4 {The
position is equal.} Qe7 30. Rcd1 Qe8 31. R1d2 Qe7 32. Rd1 Qe8 33. R1d2 Qe7 34.
Rd1 {A rather calm draw.  Weighted Error Value: White=0.03/Black=0.03} 1/2-1/2

[Event "GCT Croatia Blitz 2021"]
[Site "Zagreb"]
[Date "2021.07.11"]
[Round "14"]
[White "Anand, Viswanathan"]
[Black "Nepomniachtchi, Ian"]
[Result "1-0"]
[WhiteElo "2753"]
[BlackElo "2792"]
[Annotator "TA"]
[PlyCount "105"]
[EventDate "2021.07.10"]
[EventType "tourn"]
[EventCountry "CRO"]
[SourceTitle "playchess.com"]
[Source "ChessBase"]
[SourceQuality "1"]

{[%evp 11,105,31,33,26,34,22,35,35,27,29,26,25,23,22,24,28,56,52,60,37,33,18,
40,26,39,31,28,16,60,10,33,6,33,39,93,58,81,58,109,114,114,0,52,37,229,200,209,
205,192,201,206,200,187,189,205,125,184,183,190,51,185,130,133,136,247,266,247,
97,331,328,427,441,440,413,371,140,323,293,1216,576,983,969,891,891,891,888,
881,839,783,741,4133,1065,29976,1828,29972,29973]} 1. e4 c5 2. Nf3 e6 3. d4
cxd4 4. Nxd4 Nc6 5. Nc3 a6 6. Nxc6 bxc6 7. Qf3 {B46: Sicilian: Taimanov: 5 Nc3
a6.} d5 8. Qg3 f5 9. exf5 {White is slightly better.} exf5 {[#]} 10. Bf4 $146 (
{Predecessor:} 10. Bg5 Be7 11. Bxe7 Qxe7+ 12. Qe3 Qxe3+ 13. fxe3 Nf6 14. Na4 a5
15. Bd3 Rb8 16. a3 {1/2-1/2 (44) Nakamura,H (2736)-Nepomniachtchi,I (2789)
chess24.com INT 2021}) 10... Nf6 11. Be2 Ra7 12. O-O Kf7 13. Rad1 h6 14. Be5 g5
15. Rfe1 Bg7 16. Bf1 Re7 17. Bd4 Rhe8 18. Rxe7+ Qxe7 19. Qd3 f4 20. a3 a5 21.
Na4 {[%cal Bc3a4,Ba4c5,Bc5d3][%mdl 32]} Bg4 22. f3 {Bc5 is the strong threat.}
Bd7 ({Better is} 22... Bh5 $14) 23. Nc5 Bc8 24. Qc3 g4 (24... Nd7 $14 25. Bxg7
Qxc5+ 26. Qxc5 Nxc5) 25. Nd3 $1 $16 (25. Qxa5 $6 gxf3 26. Nd3 (26. gxf3 $2 Ng4
$19) 26... Ne4 $11) 25... gxf3 {Hoping for ...Ne4.} 26. gxf3 (26. Qxc6 $16 Bb7
27. Qa4) 26... Nd7 27. Bxg7 Rg8 $2 (27... Qe3+ $1 $14 28. Nf2 Rg8 29. Qxe3 (29.
Qxc6 $2 Rxg7+ 30. Bg2 Qxf3 $19) 29... Rxg7+ 30. Ng4 fxe3) 28. Kh1 Rxg7 29. Qxc6
{[%mdl 64] Double Attack} Qg5 {[%csl Gg7][%cal Rg5g1]} 30. Bh3 Nb6 31. Bg4 (31.
Qxb6 Bxh3 32. Qc7+ Kg8 $14) 31... Bxg4 32. fxg4 Kg8 33. Nf2 ({But not} 33. Qxb6
$2 Qxg4 34. Ne1 Qxd1 $19) 33... Rg6 (33... Qg6 $16 {keeps fighting.} 34. Qxg6
Rxg6) 34. Qe8+ $18 Kh7 35. Re1 (35. b3 $1 $18) 35... Rg7 (35... Nc4 $1 $14) 36.
b3 ({White should try} 36. Re5 $1 $18 {[%cal Re5g5]} Rg8 37. Qe7+ (37. Rxg5
Rxe8 38. Rh5 Re2 $14) 37... Qg7 38. h3) 36... Nd7 $16 37. Qe6 Nf6 (37... Nf8
$16 38. Qf5+ Qxf5 39. gxf5 f3) 38. Re5 $1 $18 {[%cal Re5g5]} Qg6 {[#]} 39. Qf5
(39. h3 $1 $18 {and the rest is easy.}) 39... Rc7 $2 (39... Qxf5 $16 {is a
better defense.} 40. Rxf5 Nxg4 41. Nxg4 (41. Rxf4 Ne3 $11) 41... Rxg4) 40. Qxf4
Rxc2 41. Re7+ Kh8 42. Re6 Kg7 43. h3 $2 (43. h4 $18 {is more deadly.}) 43...
Qf7 $2 {[#]} (43... Qg5 $16 44. Qb8 Ne4 45. Qb7+ Kf8 46. Qb8+ Kg7 47. Qb7+ Kf8
48. Qb8+ Kg7) 44. Qe5 $1 {Threatens to win with g5.} Qf8 $2 (44... Qg6 45. Re7+
Kh8) 45. Re7+ (45. Nd3 $142) 45... Kg8 46. Qe6+ Kh8 {[#]} 47. Rf7 $1 Qxf7 48.
Qxf7 Rxf2 {KQ-KRN} 49. Kg1 Rf4 50. Qg6 Rf3 51. Qxh6+ (51. Kg2 $142 Rxb3 52.
Qxf6+ Kh7 53. Qf7+ Kh8 54. Qxd5) 51... Kg8 52. Qg6+ (52. Kg2 $142 Rxb3 53. Qg6+
Kh8 54. Qxf6+ Kg8 55. Qg5+ Kh8 56. Qxd5 a4 57. g5) 52... Kf8 53. Kg2 {Weighted
Error Value: White=0.35/Black=0.80} 1-0

[Event "GCT Croatia Blitz 2021"]
[Site "Zagreb"]
[Date "2021.07.11"]
[Round "14"]
[White "Vachier-Lagrave, Maxime"]
[Black "Van Foreest, Jorden"]
[Result "1/2-1/2"]
[WhiteElo "2749"]
[BlackElo "2688"]
[Annotator "TA"]
[PlyCount "116"]
[EventDate "2021.07.10"]
[EventType "tourn"]
[EventCountry "CRO"]
[SourceTitle "playchess.com"]
[Source "ChessBase"]
[SourceQuality "1"]

{[%evp 9,116,32,15,22,23,6,19,18,61,39,61,48,54,41,54,12,25,7,75,50,46,59,77,
52,77,17,14,16,27,0,0,0,-4,-7,0,-3,4,-18,-18,-27,-24,-42,-42,-41,-33,-36,-27,
-37,-31,-47,-56,-52,-6,-54,-54,-54,-54,-54,-54,-54,-54,-54,-54,-54,-54,-54,-54,
-89,-89,-122,-122,-122,0,-122,-122,-122,-122,-137,-55,-55,-55,-55,-55,-55,-55,
-55,-55,-55,-55,-55,-55,-55,-55,-55,-55,-55,-8,-8,-8,-8,-8,-8,-8,-8,8,0,8,8,8]
} 1. c4 a6 2. d4 e6 3. e4 d5 4. exd5 exd5 5. Nc3 Nf6 6. Nf3 {C01: French:
Exchange Variation.} Be7 7. cxd5 {[#]} Nxd5 $146 ({Predecessor:} 7... O-O 8.
Bd3 Nbd7 9. O-O Nb6 10. h3 Nbxd5 11. Re1 Re8 12. Bg5 Be6 13. a3 c6 {1-0 (70)
Golubka,P (2484)-Gumularz,S (2452) Krakow 2018}) 8. Bc4 Nxc3 9. bxc3 O-O 10.
O-O Nd7 11. Re1 b5 12. Bd3 {[#] Black must now prevent Qe2.} Bb7 13. a4 bxa4 (
13... b4 $11) 14. Rxa4 Re8 15. Ra2 h6 16. Bb1 Nf8 17. Rae2 ({White should try} 
17. Ne5 $16) 17... Bxf3 $11 18. gxf3 {Hoping for Be4.} Qd7 $1 19. Qd3 Bd6 20.
Rxe8 Rxe8 21. Rxe8 Qxe8 22. Be3 Qd7 23. Qf5 ({Much worse is} 23. Qxa6 Qh3 $17)
23... Qxf5 24. Bxf5 {[%mdl 4096] Endgame KBB-KBN} Ne6 25. c4 c5 26. dxc5 Nxc5
27. Kf1 h5 28. h3 g6 29. Bc2 Ne6 30. Ke1 Nf4 31. c5 (31. Bxf4 $5 Bxf4 32. c5
$11) 31... Ng2+ 32. Ke2 Nxe3 33. fxe3 Bxc5 $15 {KB-KB} 34. f4 Kg7 35. Kf3 f6
36. Ba4 a5 37. Be8 Kh6 38. e4 Bd6 39. h4 Bb4 40. Kg3 Bd6 41. Kf3 Bc7 42. Ba4
Bb6 43. e5 {[#]} Bd8 (43... fxe5 $1 $17 44. fxe5 Bd4) 44. exf6 Bxf6 45. Kg3 Bd4
46. Bc2 Kg7 47. Ba4 Kf6 48. Bc2 Bc3 49. Kf2 Bd2 50. Kg3 $1 Be1+ 51. Kh3 Bf2 52.
Ba4 Kf5 53. Bc2+ {The position is equal.} Kxf4 54. Bxg6 a4 {...a3 is the
strong threat.} 55. Bxh5 a3 {( -> ...a2)} 56. Bf7 Bxh4 57. Kxh4 a2 58. Bxa2 Ke5
{Weighted Error Value: White=0.09/Black=0.10} 1/2-1/2

[Event "GCT Croatia Blitz 2021"]
[Site "Zagreb"]
[Date "2021.07.11"]
[Round "14"]
[White "Korobov, Anton"]
[Black "Kasparov, Garry"]
[Result "1-0"]
[WhiteElo "2683"]
[BlackElo "2812"]
[Annotator "TA"]
[PlyCount "33"]
[EventDate "2021.07.10"]
[EventType "tourn"]
[EventCountry "CRO"]
[SourceTitle "playchess.com"]
[Source "ChessBase"]
[SourceQuality "1"]

{[%evp 16,33,44,31,50,58,47,36,62,45,48,62,78,84,126,134,136,136,131,131]} 1.
d4 Nf6 2. c4 g6 3. Nc3 Bg7 4. e4 d6 5. Be2 O-O 6. Bg5 Na6 7. Qd2 e5 8. d5 Qe8 {
8...Nc5 is the hot move.} 9. Bd1 Nh5 {E73: King's Indian: Averbakh Variation
without 6...c5.} 10. Nge2 f5 11. f3 Bd7 {White is slightly better.} 12. a3 {[#]
} fxe4 $146 ({Predecessor:} 12... Nf4 13. O-O Nxe2+ 14. Qxe2 c5 15. exf5 gxf5
16. Qe1 Bf6 17. Bxf6 Rxf6 18. f4 e4 {1/2-1/2 (42) Rogos,J (2492)-Yamaliev,V 
(2458) ICCF email 2017}) 13. Nxe4 Nf4 14. O-O (14. Nxf4 exf4 15. Bxf4 Bf5 $17)
14... h6 15. Nxf4 ({Much less strong is} 15. Bxf4 exf4 16. Nxf4 g5 $14) 15...
hxg5 16. Nd3 Bf5 17. Re1 {Black did not feel at home in the position after the
opening.  Weighted Error Value: White=0.06/Black=0.12} ({Don't play} 17. Nxg5
Bxd3 18. Qxd3 Nc5 $14) 1-0

[Event "GCT Croatia Blitz 2021"]
[Site "Zagreb"]
[Date "2021.07.11"]
[Round "15"]
[White "Kasparov, Garry"]
[Black "Mamedyarov, Shakhriyar"]
[Result "0-1"]
[WhiteElo "2812"]
[BlackElo "2782"]
[Annotator "TA"]
[PlyCount "52"]
[EventDate "2021.07.10"]
[EventType "tourn"]
[EventCountry "CRO"]
[SourceTitle "playchess.com"]
[Source "ChessBase"]
[SourceQuality "1"]

{[%evp 17,52,30,30,21,22,0,-4,-20,-27,-13,23,-18,2,0,18,5,0,-24,0,0,24,-26,-39,
-38,-35,-22,0,-50,-25,-152,-155,-353,-256,-608,-374,-371,-374]} 1. d4 Nf6 2. c4
e6 3. Nc3 d5 4. Bg5 Nbd7 5. e3 Be7 6. Nf3 O-O 7. Qc2 a6 8. cxd5 exd5 9. Bd3 h6
10. Bf4 {D61: Queen's Gambit Declined: Classical: 7 Qc2.} c5 11. O-O c4 12. Bf5
{[#] The position is equal.} b5 $146 ({Predecessor:} 12... Re8 13. b3 Nb6 14.
bxc4 Nxc4 15. Bd3 b5 16. a4 Bd7 17. Ne5 Rc8 18. Nxd7 Qxd7 {1/2-1/2 (92)
Jackson,L (1961)-Sellen,I (1980) Wellington 2011}) 13. Ne5 Bb7 14. a3 Re8 15.
Rad1 Nf8 16. Bg3 Qb6 17. Bh4 Rad8 18. f4 a5 19. Kh1 b4 20. Na4 Qb5 21. Bxf6
gxf6 22. Ng4 {aiming for Rf3.} h5 23. Qe2 {[#]} Kg7 $1 $17 ({Weaker is} 23...
hxg4 24. Qxg4+ Ng6 25. Bxg6 $14) 24. Rf3 $2 (24. Ne5 $17 fxe5 25. fxe5) 24...
Qxa4 25. Rh3 $2 (25. Nh6 Ng6 26. Nxf7 Kxf7 27. Rg3) 25... Ng6 26. Rxh5 Rh8 {
Weighted Error Value: White=0.55/Black=0.22} 0-1